000
00330nam a22001457a 4500
008
230616b ||||| |||| 00| 0 eng d
020
_a
9780321851666
041
_a
eng
080
_2
5TH EDITION
_a
311
082
_a
311TRI
100
_a
25.2
101
_a
STAT
245
_a
ELEMENTARY STATISTICS
_c
TRIOLA.F.M
942
_2
udc
_c
BK
999
_c
59998
_d
59998